<The> Dominican Republic stabilization, reform, and growth

Na minha lista:
Detalhes bibliográficos
Formato: Livro
Idioma:inglês
Publicado em: Washington, D.C. IMF 2001
Colecção:Occasional paper 206
Assuntos:
Tags: Adicionar Tag
Sem tags, seja o primeiro a adicionar uma tag!

MARC

LEADER 00000nam$a2200000$$$4500
001 0006978
005 20240315115210.1
020 |a 1-58906-046-6 
041 0 |a eng 
044 |a US 
245 1 0 |a <The> Dominican Republic  |b stabilization, reform, and growth  |c by a staff team led by Philip Young and comprising 
264 1 |a Washington, D.C.  |b IMF  |c 2001 
300 |a 71 s. 
490 1 |a Occasional paper  |v 206 
830 0 |a Occasional paper  |v 206 
610 2 0 |a Dominikánska republika 
610 2 0 |a stabilizácia hospodárstva 
610 2 0 |a reformy hospodárske 
610 2 0 |a rast hospodársky 
610 2 0 |a reformy štruktúrne 
610 2 0 |a politika fiškálna